000 01144nas a2200385 4500
001 BR2015001223
003 BR-BrBNA
005 20231205125324.0
007 ta
008 230509b bl.|||p| |||| 00| 00por d
040 _aBR-BrBNA
_bpor
_cBiblioteca Nacional de Agricultura
041 _a(En)
072 _aQ04; J11
100 1 _aSilva, J.A. da
100 1 _aPompeu, D.G.
100 1 _aCosta, O.F. da
100 1 _aGonçalves, D.B.
100 1 _aSpehar, C.R.
100 1 _aMarangoni, S.
100 1 _aGranjeiro, P.A.
110 1 _a
245 1 _aThe importance of heat against antinutritional factors from Chenopodium quinoa seeds
650 _aQUINOA
650 _aSEMENTE
650 _aVALOR NUTRITIVO
650 _aARMAZENAMENTO
650 _aCALOR
650 _aTEMPERATURA
650 _aNUTRICAO HUMANA
650 _aDIGESTIBILIDADE
773 0 _tCiência e Tecnologia de Alimentos (Brazil)
_xISSN 1678-457X
_g(Jan-Mar 2015), v. 35(1) p. 74-82
_wBR2015001223
856 4 0 _uhttp://www.scielo.br/pdf/cta/v35n1/0101-2061-cta-35-1-74.pdf
909 _a202311
_bLúcia
_c55
_dLúcia Elande
942 _2AGRIS
_n0
_cANA
999 _c243792
_d243792